000 00716nam a2200253 a 4500
001 BRCA_6270
005 20190320205408.0
008 290711s1937----mx-aa#####---#000-0#spa-#
041 _aspa
044 _amx
050 4 _aNA5257.O2
_b.026 1937
245 1 0 _aOcotlán.
260 _aMéxico
_bColegiata de Ocotlán, Tlax.
_c1937
300 _a16 p.
_bil.
_c24 cm.
500 _aNúm. 1 julio, 1937
500 _aRevista inventariada por Banco de México como libro
500 _aEstado físico: Encuadernación deteriorada
500 _aC58
650 1 4 _aArquitectura religiosa
_zMéxico
_924
650 1 4 _aIglesias
_zMéxico
_94471
651 4 _aOcotlán, Tlaxcala
_915733
902 _aGFM
942 _2lcc
_cB
999 _c5957
_d5957